| 000 | 01145nam0a2200325 4500 | ||
|---|---|---|---|
| 001 | RU\NLR\bibl\569452 | ||
| 005 | 20250610132728.0 | ||
| 010 |
_a5-222-04313-4 _97000 |
||
| 021 |
_aRU _b2004-56678 _92790 |
||
| 035 | _a(NLR Aleph) 000561527 | ||
| 090 |
_a1535552 _c1535552 |
||
| 100 | _a20041101d2004 |||y0rusy50 ca | ||
| 101 | 0 | _arus | |
| 102 | _aRU | ||
| 105 | _aa ||||||||| | ||
| 200 | 1 |
_aШаолиньцюань для начинающих _fЕ.В. Чертовских, Е.И. Глебов |
|
| 210 |
_aРостов н/Д. _cФеникс _d2004 |
||
| 215 |
_a127 с. _cил. _d20 |
||
| 225 | 1 | _aСерия "Мастера боевых искусств" | |
| 606 | 0 |
_aШаолиньцюань _92352849 _3RU\NLR\AUTH\661405559 |
|
| 686 | 1 | _aЦ4,8(5Кит)361.12 | |
| 700 | 1 |
_aЧертовских _bЕ. В. _gЕвгений Викторович _4070 |
|
| 701 | 1 |
_aГлебов _bЕ. И. _gЕвгений Иванович _4070 |
|
| 801 | 0 |
_aRU _bNLR _c20041101 _gPSBO |
|
| 801 | 1 |
_aRU _bNLR _c20041101 |
|
| 942 | _cBOOK | ||
| 980 | _aNB | ||